| 000 | 00000nam 2200000zi 4500 |
| 001 | 9.947515 |
| 003 | CaOODSP |
| 005 | 20250205111135 |
| 006 | m o d f |
| 007 | cr mn||||||||| |
| 008 | 250129e20250129oncabd obs f000 0 eng d |
| 040 | |aCaOODSP|beng|erda|cCaOODSP |
| 043 | |an-cn--- |
| 086 | 1 |aCS75-006/2025-2-2E-PDF |
| 100 | 1 |aLayton, Jaclyn, |eauthor. |
| 245 | 10|aFar from home : |bhigh school completion for First Nations people, Métis, and Inuit in remote communities, 2016 to 2021 / |cby Jaclyn Layton. |
| 264 | 1|a[Ottawa] : |bStatistics Canada = Statistique Canada, |cJanuary 29, 2025. |
| 264 | 4|c©2025 |
| 300 | |a1 online resource (6 pages) : |bcolour illustration, colour map, colour charts. |
| 336 | |atext|btxt|2rdacontent |
| 337 | |acomputer|bc|2rdamedia |
| 338 | |aonline resource|bcr|2rdacarrier |
| 490 | 1 |aInsights on Canadian society, |v2291-0840 |
| 500 | |aIssued also in French under title: Loin de la maison : achèvement des études secondaires chez les membres des Premières Nations, les Métis et les Inuit dans les communautés éloignées, 2016 à 2021. |
| 500 | |a"Catalogue no. 75-006-X." |
| 504 | |aIncludes bibliographical references (page 6). |
| 650 | 0|aIndigenous peoples|xEducation (Secondary)|zCanada|vStatistics. |
| 655 | 7|aStatistics|2lcgft |
| 710 | 2 |aStatistics Canada, |eissuing body. |
| 775 | 08|tLoin de la maison : |w(CaOODSP)9.947519 |
| 830 | #0|aInsights on Canadian society (Statistics Canada)|w(CaOODSP)9.507406 |
| 856 | 40|qPDF|s815 KB|uhttps://publications.gc.ca/collections/collection_2025/statcan/75-006-x/75-006-2025-2-2-eng.pdf |
| 856 | 4 |qHTML|sN/A|uhttps://www150.statcan.gc.ca/n1/pub/75-006-x/2025002/article/00002-eng.htm |